All Recurring South Park Characters - Statistics

General Stats
  • This quiz has been taken 324 times
  • The average score is 49 of 119
Answer Stats
Answer % Correct
Eric Cartman
98%
Kyle Broflovski
98%
Kenneth McCormick
97%
Stanley Marsh
97%
Leopold "Butters" Stotch
93%
Wendy Testaburger
92%
Tolkien Black
91%
Clyde Donovan
89%
Randy Marsh
89%
Craig Tucker
87%
Jimmy Valmer
87%
Bebe Stevens
86%
Ike Broflovski
86%
Timmy Burch
84%
Tweek Tweak
84%
Herbert Garrison
83%
Sharon Marsh
80%
Sheila Broflovski
79%
Gerald Broflovski
78%
Jerome "Chef" McElroy
77%
Mr. Mackey
75%
Sir Phillip Niles Argyle
75%
Sir Terrance Henry Stoot
74%
PC Principal
70%
Principal Victoria
68%
Liane Cartman
63%
Satan
60%
Jesus Christ
59%
Pip Pirrip
59%
Red McArthur
58%
Shelley Marsh
58%
Jimbo Kern
57%
Heidi Turner
53%
Karen McCormick
53%
Officer Barbrady
52%
Mr. Slave
51%
Ned Gerblanski
51%
Mr. Hankey
49%
Diane Choksondik
48%
Scott Tenorman
48%
Big Gay Al
45%
Marvin "Grandpa" Marsh
45%
Towelie
45%
Saddam Hussein
43%
Strong Woman
43%
Stuart McCormick
43%
Carol McCormick
41%
Santa Claus
41%
Scott Malkinson
41%
Stephen Stotch
40%
Linda Stotch
37%
God
33%
Jason White
33%
Kevin McCormick
33%
Mr. Kitty
33%
Henrietta Biggle
32%
Kanye West
32%
Mayor McDaniels
32%
Sparky
32%
Starvin' Marvin
32%
Tom Cruise
32%
Veronica Crabtree
32%
"Cousin" Kyle Schwartz
31%
Jack Tenorman
31%
Bradley Biggle
29%
Nathan
29%
Nichole Daniels
29%
Tuong Lu Kim (City Wok Guy)
28%
Al Gore
26%
Mimsy
26%
Manbearpig
25%
Peter Nelson
25%
Detective Harrison Yates
24%
Dr. Alphonse Mephesto
24%
Father Maxi
24%
Joseph Smith
24%
Richard Adler
24%
Richard Tweak
24%
Skeeter
24%
Thomas Tucker
24%
Dougie O'Connell
22%
Kevin Stoley
22%
Muhammad
22%
Nelly
22%
PC Babies
22%
Sarah Valmer
22%
Ugly Bob
22%
Michael "Jefferson" Jackson
21%
Laura Tucker
20%
Mickey Mouse
20%
Ryan Valmer
20%
Steve Black
20%
Bill Allen
19%
Scott (He's a dick)
19%
Bob White
18%
Lemmiwinks
18%
Linda Black
18%
Roger Donovan
18%
Nurse Mary Gollum
17%
Seaman (Not Semen)
17%
Darryl Weathers
16%
Dr. Doctor
16%
Leslie Meyers
16%
Moses
16%
Rick (Bijou Ticket Guy)
16%
Tricia Tucker
16%
Woodland Critters
16%
Charlotte
15%
Margaret Nelson
15%
Barbra Streisand
14%
PiPi
14%
Crystal White
13%
Fosse McDonald
13%
Harriet Biggle
12%
Kevin Mephesto
12%
Bill Denkins
10%
Visitors
10%
Brian Boitano
9%
Jared Fogle
8%
No matching quizzes found
Score Distribution
Percent of People with Each Score
Percentile by Number Answered
Your Score History
You have not taken this quiz